| 000 | 00890nam a2200253 a 4500 | ||
|---|---|---|---|
| 001 | 19203 | ||
| 003 | CO-ViMGA | ||
| 008 | 141112s2004 ck r 000 u spa d | ||
| 020 | _a847112355X | ||
| 040 |
_aCO-ViMGA _bspa _cCO-ViMGA |
||
| 082 | 0 | 4 | _a372.5 H17i |
| 100 | 1 |
_aHargreaves, David J. _927575 |
|
| 245 | 1 | 0 | _aInfancia y educación artística |
| 250 | _a3 | ||
| 260 |
_aMadrid : _bEdiciones Morata; 1991 |
||
| 300 | _a203 p. | ||
| 490 | _aPedagogía : educación infantíl y primaria | ||
| 505 | _aFundamento teórico Diversos campos artísticos : dibujo; música, escultura; arte dramático, escritura Los niños y las artes en la educación | ||
| 590 |
_aForma de adquisición : Proyecto 2005 - - Precio : _51.300 |
||
| 650 | 1 | 4 |
_aARTE - ENSEÑANZA - NIÑOS _927576 |
| 650 | 1 | 4 |
_aPSICOLOGIA EVOLUTIVA - ARTES _927577 |
| 650 | 1 | 4 |
_aPSICOLOGIA INFANTIL _91631 |
| 942 |
_2ddc _cBK |
||
| 999 |
_c28365 _d28365 |
||